Datum a čas kvízu
31.5
Celkem bodů
Celkový počet nahraných bodů na tomto kvízu bez doplňovacích otázek.
3.
Pořadí na kvízu
Konečné umístění týmu na tomto kvízu.
Zaznamenané odpovědi
| # | Otázka | Odpověď | Body | Výsledky |
|---|---|---|---|---|
| 1. | V neděli večer a v noci na pon... | 1 | ||
| 2. | Jacinda Ardernová je ženou mno... | 1 | ||
| 3. | Herec Václav Postránecký musel... | 0 | ||
| 4. | Italský módní dům Versace bude... | 1 | ||
| 5. | Anglická Premier League viděla... | 1 | ||
| 6. | Minulý týden uplynulo 80 let o... | 1 | ||
| 7. | Které z těchto sídel se nenach... | 1 | ||
| 8. | Winston Churchill po podepsání... | 1 | ||
| 9. | Německo nebylo jediným státem,... | 1 | ||
| 10. | Otázku, zda se Československo... | 0 |